000 00536nmm a2200193Ia 4500
008 251105s9999||||xx |||||||||||||||||und||
020 _a9788433915450
041 _acat
100 _aRosich Andreu, Maria
245 0 _aLa república
264 _a[Madrid, España] :
_bEditorial Anagrama,
_c2017
300 _a304 páginas
490 _aLlibres Anagrama
650 _aOther narratives
700 _aRosich Andreu, Maria
700 1 _a de Vries, Joost
856 _uhttps://public.digitaliapublishing.com/a/49047
942 _cCF
999 _c70768
_d70768